Statistics for Star Wars: The Old Republic - Planets

Click here to take the quiz!

General Stats

  • This quiz has been taken 626 times
  • The average score is 9 of 17

Answer Stats

HintAnswer% Correct
10-16 (Republic Only)Coruscant
84%
24-28Tatooine
76%
1-10 (Empire Only)Korriban
71%
37-41Hoth
69%
28-32Alderaan
64%
1-10 (Republic Only)Tython
55%
10-16 (Empire Only)Dromund Kaas
51%
16-20 (R) / 32-36 (E)Taris
50%
1-10 (Empire Only)Hutta
48%
47-50Corellia
45%
1-10 (Republic Only)Ord Mantell
44%
32-36 (R) / 16-20 (E)Balmorra
42%
20-24Nar Shaddaa
40%
50Ilum
39%
41-44Belsavis
37%
44-47Voss
34%
36-37Quesh
32%

Score Distribution

Percentile by Number Answered

Percent of People with Each Score

Your Score History

You have not taken this quiz